Kraje Które są Mało Znane - Statystyki

Ogólne statystyki
  • Ten quiz został rozwiązany 37 razy
  • Średni wynik to 8 z 24
Statystyki odpowiedzi
Hint Odpowiedź % Poprawnych
22 Vanuatu
62%
9 Dżibuti
53%
5 Samoa
53%
11 Tonga
53%
25 Antigua i Barbuda
50%
18 Komory
47%
2 Saint Lucia
47%
16 Burundi
44%
14 Seszele
44%
3 Wyspy Świętego Tomasza i Książęca
44%
13 Wyspy Salomona
41%
19 Gwinea Równikowa
38%
7 Sudan Południowy
38%
20 Jemen
29%
23 Kosowo
29%
6 Oman
29%
15 Rwanda
29%
24 San Marino
21%
21 Niger
15%
4 Papua Nowa Gwinea
12%
12 Wyspy Zielonego Przylądka
9%
1 Sahara Zachodnia
6%
8 Saint Kitts and Nevis
6%
10 Republika Środkowej Afryki
0%
Nie znaleziono quizów pasujących do podanych kryteriów
Rozkład punktacji
Procent ludzi z każdym wynikiem
Percentyl według liczby udzielonych odpowiedzi
Twoja historia wyników
Nie rozwiązałeś tego quizu